[Event "Opera Euro Rapid Prelims 2021"]
[Site "Online"]
[Date "2021.02.03"]
[Round "12.6"]
[White "Bluebaum, Matthias"]
[Black "Giri, Anish"]
[Result "0-1"]
[WhiteElo "2670"]
[BlackElo "2764"]
[Annotator "TA"]
[PlyCount "98"]
[EventDate "2021.02.02"]
[EventType "tourn"]
[EventCountry "NET"]
[SourceTitle "playchess.com"]
[Source "ChessBase"]
[SourceQuality "1"]

{[%evp 9,98,0,43,41,41,31,31,25,31,39,49,1,14,0,0,0,0,0,0,0,11,11,53,46,81,-8,-1,-8,0,-108,0,-91,-121,-118,-128,-137,-49,-176,-133,-129,-124,-133,-75,-148,-148,-197,-130,-130,-143,-133,-139,-187,-188,-260,-243,-312,-317,-295,-281,-271,-258,-264,-260,-265,-236,-247,0,-250,-246,-262,-254,-294,-293,-360,-340,-437,-458,-445,-354,-691,-691,-681,-592,-12831,-12831,-12831,-12832,-12834,-12835,-12835,-12835]} 1. d4 Nf6 2. Nf3 d5 3. Bf4 Bf5 4. c4 e6 5. Qb3 dxc4 6. Qxb7 {[#] D02: 1 d4 d5 2 Nf3 sidelines, including 2...Nf6 3 g3 and 2...Nf6 3 Bf4.} Be4 $146 ({Predecessor:} 6... Nbd7 7. Bxc7 Qc8 8. Qxc8+ Rxc8 9. Ba5 Be7 10. Nbd2 Be4 11. Rc1 Bd5 12. h3 O-O {½-½ (44) Kadukowski,P (1813)-Malek,P Poland 2011}) 7. Qxc7 Bb4+ 8. Nbd2 {Qxd8+ is the strong threat.White is slightly better.} Qxc7 9. Bxc7 Ke7 10. a3 {[%cal Ba2a3,Ba3b4,Bb4b5][%mdl 32]} c3 $1 {[%cal Rc3b2]} 11. axb4 cxb2 12. Ra2 Rc8 13. Rxb2 Rxc7 $40 {[%cal Rc7c1][%mdl 128] Black attacks.} 14. Nb3 Nc6 {[%cal Bb8c6,Bc6b4,Bb4d3][%mdl 32]} 15. b5 Nb4 (15... a5 $5 {[%cal Ra5a4]}) 16. e3 Nd7 17. Be2 (17. Kd2 $16) 17... Nd3+ $11 18. Bxd3 Bxd3 19. Na5 (19. Kd2 $11 Bxb5 20. Ra1) 19... Bxb5 20. Rxb5 (20. Kd2 $11 {keeps the balance.} Rb8 21. Rc1 Rxc1 22. Kxc1) 20... Rc1+ $17 21. Ke2 Rxh1 22. Rb7 {[#]} f6 (22... Ke8 $1 $17 {Threatens to win with ...Ra1.} 23. Nc4 f6 24. Nd6+ Ke7) 23. Ne1 (23. Nd2 $1 $15) 23... Kd8 ({Don't do} 23... Rxh2 24. Nd3 $17) 24. h3 Kc8 25. Rb2 Nb6 (25... g5 $142 26. Nd3 Kd8) 26. Rc2+ (26. Nd3 $142) 26... Kd7 27. Nb7 Rc8 ({Black should try} 27... Nd5 $19 28. Nc5+ Kd6) 28. Nc5+ {[#]} Ke7 $1 29. Ra2 Rc7 30. Ra6 e5 31. f3 (31. Ne4 {keeps fighting.}) 31... Nd5 32. Ra3 Kf7 {Hoping for ...exd4.} 33. Ned3 exd4 34. exd4 Rb1 35. Kf2 g5 36. Kg3 Ne3 37. Kf2 Nd5 38. Kg3 Rd1 39. h4 h6 40. hxg5 hxg5 41. Ra2 Re7 42. Kf2 Nc3 43. Rc2 {[#]} Na4 {[%mdl 512]} 44. g4 $2 (44. Ra2 Nxc5 45. Nxc5) (44. Nxa4 Rxd3) 44... Nxc5 $19 {Black is clearly winning.} 45. Nxc5 Rxd4 46. Ne4 Rdxe4 47. fxe4 Rxe4 48. Kf3 Rf4+ 49. Kg3 a5 {Weighted Error Value: White=0.51/Black=0.23} 0-1

[Event "Opera Euro Rapid Prelims 2021"]
[Site "Online"]
[Date "2021.02.03"]
[Round "12.7"]
[White "Shankland, Sam"]
[Black "Grischuk, Alexander"]
[Result "1/2-1/2"]
[WhiteElo "2691"]
[BlackElo "2777"]
[Annotator "TA"]
[PlyCount "145"]
[EventDate "2021.02.02"]
[EventType "tourn"]
[EventCountry "NET"]
[SourceTitle "playchess.com"]
[Source "ChessBase"]
[SourceQuality "1"]

{[%evp 20,145,19,11,20,15,36,7,47,44,43,44,112,114,131,105,109,68,128,127,122,120,112,92,88,97,100,103,114,102,108,114,114,104,94,123,138,139,127,78,164,125,124,143,131,18,127,94,74,0,127,134,111,0,0,0,0,0,0,0,0,0,0,0,0,0,0,0,0,0,0,0,0,0,0,0,0,0,0,0,0,0,0,0,0,0,0,0,0,0,0,0,0,0,0,0,0,0,0,0,0,0,0,0,0,0,0,0,0,0,0,0,0,0,0,0,0,0,0,0,0,0,0,0,0,0,0,0]} 1. e4 c5 2. Nf3 Nc6 3. d4 cxd4 4. Nxd4 Nf6 5. Nc3 e5 6. Ndb5 d6 7. Nd5 Nxd5 8. exd5 Ne7 9. c4 Ng6 10. Qa4 Bd7 11. Qb4 Qb8 {11...Bf5 is more advanced technology. B33: Sicilian: Pelikan and Sveshnikov Variations.} 12. h4 h5 13. Be2 Be7 (13... a6 $5 {[%cal Ra6b5]} 14. Nc3 f5 $14) 14. g3 {[#]} e4 $146 ({Predecessor:} 14... f5 15. Bg5 a6 16. Nc3 e4 17. f4 exf3 18. Bxf3 Ne5 19. Be2 Bxg5 20. hxg5 g6 {1-0 (35) Gavilan Diaz,M (2334)-Gonzalez Gonzalez,A (2183) Marbella 2018}) 15. Bg5 f5 (15... a6 $14 16. Nd4 f6) 16. O-O-O $16 Bxb5 17. Qxb5+ Kf7 18. Kb1 (18. Qd7 $6 Qc8 $11) 18... b6 {[#]} (18... Qc7 $14) 19. Bxe7 $1 ({Of course not} 19. Qd7 $6 Qc8 $11) 19... Kxe7 20. f3 Qe8 21. fxe4 Qxb5 22. cxb5 f4 23. Rhg1 Raf8 {and if ...f3 works, Black does fine.} 24. gxf4 Nxf4 25. Bf3 ({Don't play} 25. Rxg7+ $6 Kf6 $11) 25... Rf7 26. e5 dxe5 27. d6+ Kf6 28. Bc6 Rd8 29. d7 Re7 (29... Ne6 $16 {was worth a try.}) 30. Kc2 g6 31. Rg3 Re6 32. Ra3 (32. Rd2 $16) 32... a5 (32... Ne2 $1 $11 {remains equal.}) 33. b4 axb4 {[#]} 34. Ra6 ({Better is} 34. Re3 $1 $16) 34... Ke7 (34... Ne2 $1 $11) 35. Rxb6 e4 36. Ra6 (36. Rd4 $16) 36... e3 $11 {The position is equal.} 37. Ra4 e2 38. Re1 Rxd7 39. Bxd7 Kxd7 40. Rxb4 {[%mdl 4096] Endgame KRR-KRN} Ng2 41. Rd4+ Kc7 42. Kd2 Nxe1 43. Kxe1 {KR-KR} Kb6 44. Rb4 Re5 45. a4 Ka5 46. Rb2 Kxa4 47. b6 Re8 $1 48. b7 Rb8 49. Kxe2 Ka5 50. Ke3 {Hoping for Kd4.} Ka6 51. Kf4 {Kg5 is the strong threat.} Rxb7 52. Ra2+ Kb6 53. Kg5 Kc7 54. Kxg6 Kd7 55. Ra5 ({But not} 55. Kxh5 $6 Ke8 $16) 55... Rb4 56. Rxh5 Ke7 57. Rh7+ Ke6 58. h5 Rg4+ 59. Kh6 Kf6 60. Ra7 Rh4 61. Ra5 Kf7 62. Kh7 (62. Rg5 {is more complex.} Kf6 63. Rg3 Kf5 64. Rg7 Ra4 65. Rg1) 62... Rg4 63. Rf5+ (63. Ra7+ {looks sharper.} Kf6 64. Ra6+ Kg5 65. Ra5+ Kf6 66. Ra8) 63... Ke7 64. Kh6 {aiming for Kh7.} Rg1 65. Rf2 Rg3 66. Kh7 {And now h6 would win.} Rg5 67. h6 {Black must now prevent Rf3.} (67. Rh2 {seems wilder.} Kf7 68. Kh6 Rf5 69. Rg2 Kf8 70. Rg3) 67... Rg1 68. Ra2 Kf7 69. Ra7+ Kf8 70. Rg7 Rf1 71. Rg4 Kf7 72. Rg3 Rf2 73. Rg4 {Weighted Error Value: White=0.14/Black=0.13} 1/2-1/2

[Event "Opera Euro Rapid Prelims 2021"]
[Site "Online"]
[Date "2021.02.03"]
[Round "12.8"]
[White "Dominguez Perez, Leinier"]
[Black "Duda, Jan-Krzysztof"]
[Result "1-0"]
[WhiteElo "2758"]
[BlackElo "2743"]
[Annotator "TA"]
[PlyCount "55"]
[EventDate "2021.02.02"]
[EventType "tourn"]
[EventCountry "NET"]
[SourceTitle "playchess.com"]
[Source "ChessBase"]
[SourceQuality "1"]

{[%evp 15,55,29,27,13,8,12,18,8,29,23,43,33,33,30,31,17,37,11,8,8,52,45,171,165,242,249,239,227,355,351,494,490,489,482,596,486,944,915,1739,853,786,566]} 1. e4 e5 2. Nf3 Nf6 3. Nxe5 d6 4. Nf3 Nxe4 5. d4 d5 6. Bd3 Bf5 7. O-O Be7 8. Re1 O-O 9. Nbd2 {[%cal Rd2e4,Bb1d2,Bd2f1,Bf1e3,Be3f5][%mdl 32] C42: Petroff Defence: 3 Nxe5 and unusual White 3rd moves.} Nd6 $1 10. Nf1 Bxd3 11. Qxd3 {The position is equal.} Nd7 12. Bf4 Re8 {[#]} 13. Qb3 $5 $146 {[%mdl 8] An interesting novelty.} ({Predecessor:} 13. Re2 Bf8 14. Ne3 c6 15. Rae1 Ne4 16. Ng4 Bd6 17. Bxd6 Nxd6 18. Rxe8+ Nxe8 19. Qa3 Nf8 20. h4 Nd6 21. h5 h6 22. Qe3 Qd7 23. Qf4 Re8 24. Rxe8 {½-½ (24) Adams,M (2736)-Li,C (2735) Geneva 2017}) 13... Nb6 14. Ne3 $36 {[%mdl 2048] White is pushing.} c6 15. a4 a5 16. h4 Ndc4 17. Nf5 Bf8 18. h5 Qd7 {[#] A mistake that costs the game.} ({Better is} 18... Re4 $14 19. Rxe4 dxe4) 19. N3h4 $1 $18 Re6 {[#]} (19... g6 {was necessary.}) 20. Qg3 $1 {Hoping for Nxg7!} Rae8 21. Rxe6 Qxe6 (21... Rxe6 {was called for.} 22. Nxg7 (22. b3 Nd6 $18) 22... Bxg7) 22. b3 Nb2 (22... g6 $142 23. bxc4 Nxc4 24. Nh6+ Bxh6) 23. Rb1 {White is clearly winning.} g6 24. Rxb2 ({Don't take} 24. hxg6 hxg6 25. Rxb2 Qe1+ 26. Kh2 Qe6 $18) 24... Qe1+ 25. Kh2 {[%cal Rh5g6]} Qd1 (25... Qe6 $142 26. c4 Ra8 27. hxg6 fxg6) 26. hxg6 Re1 27. gxf7+ Kxf7 28. Qf3 {Weighted Error Value: White=0.05/Black=0.45} 1-0

[Event "Opera Euro Rapid Prelims 2021"]
[Site "Online"]
[Date "2021.02.03"]
[Round "13.1"]
[White "Duda, Jan-Krzysztof"]
[Black "Dubov, Daniil"]
[Result "1-0"]
[WhiteElo "2743"]
[BlackElo "2710"]
[Annotator "TA"]
[PlyCount "111"]
[EventDate "2021.02.02"]
[EventType "tourn"]
[EventCountry "NET"]
[SourceTitle "playchess.com"]
[Source "ChessBase"]
[SourceQuality "1"]

{[%evp 22,111,0,0,31,28,36,0,0,0,94,111,112,107,102,105,106,99,94,0,0,0,87,80,76,52,54,53,45,25,100,36,10,-87,0,0,0,0,0,-38,0,0,0,0,453,435,1065,1065,810,360,370,370,362,361,339,325,340,323,550,389,887,887,794,479,664,602,667,0,0,0,0,0,0,0,0,0,976,935,837,671,7546,0,0,0,7634,6679,8306,7056,6130,6127,6079,1469]} 1. d4 Nf6 2. c4 e6 3. Nf3 d5 4. Nc3 c6 5. e3 Nbd7 6. Bd3 dxc4 7. Bxc4 b5 8. Bd3 Bb7 9. O-O a6 10. e4 c5 11. e5 Nd5 12. Ng5 Nxc3 {D48: Semi-Slav: Meran System: 7...b5 8 Bd3 a6.} 13. bxc3 Be7 {[#]} 14. Nxe6 $146 ({Predecessor:} 14. f4 Bxg5 15. fxg5 Nb6 16. Rf2 Na4 17. Qh5 g6 18. Qh6 Qd5 19. Bd2 O-O-O 20. Bf1 {1-0 (46) Kozul,Z (2595)-Gurevich,D (2575) Biel 1993}) 14... fxe6 {The position is equal.} 15. Qh5+ $40 {[%mdl 128] White attacks.} g6 (15... Kf8 $11 {remains equal.} 16. f4 Kg8) 16. Bxg6+ $1 $16 hxg6 17. Qxg6+ (17. Qxh8+ $6 Nf8 $11) 17... Kf8 18. Bh6+ Rxh6 19. Qxh6+ Kg8 20. Qg6+ Kh8 21. Qh6+ Kg8 22. Qxe6+ Kg7 23. Rad1 {[%mdl 1024] White has strong compensation.} Nf8 $1 {[%cal Rf8e6]} 24. Qg4+ Kh8 $1 25. d5 {Threatens to win with d6.} Nh7 (25... Bxd5 $2 26. e6 $18) (25... Qd7 $1 $11 26. Qxd7 Nxd7) 26. d6 (26. Rfe1 $16) 26... Bh4 27. e6 (27. f4 $11) 27... Qf6 ({Black should try} 27... Qg5 $1 $17 {[%cal Rg5g4]} 28. Qxg5 Nxg5) 28. e7 $11 Bc6 29. g3 Rg8 30. Qh5 {Black must now prevent Rfe1.} Qxc3 {[%cal Rh4g3] Strongly threatening ...Bxg3!} 31. Rd5 Bxd5 32. Qxd5 Nf6 {[%mdl 8192] [#]} (32... Bxe7 $11 33. dxe7 Re8) 33. Qxg8+ $3 $18 {[%mdl 576] Remove Defender, Deflection, Promotion} Nxg8 (33... Kxg8 $142 34. d7 {[%mdl 64] Deflection, Decoy, Promotion} Nxd7 35. e8=Q+ {[%mdl 64] Double Attack} Nf8 36. gxh4 Qc4) 34. e8=Q Bf6 35. Qh5+ (35. Rd1 $142) 35... Kg7 36. Rd1 Nh6 37. d7 Nf7 38. Qg4+ Kf8 39. Qe6 c4 $2 (39... Be7 40. Qxa6 Qc2) 40. Rd5 b4 $2 (40... Nd8 41. Qe8+ (41. Qxa6 Qe1+ 42. Kg2 Qe4+ 43. Kf1 Qxd5 $17) 41... Kg7) 41. Rf5 Kg7 42. Kg2 (42. Qxf7+ Kxf7 43. d8=Q Qe1+ 44. Kg2 Qe4+ 45. Kg1 Qb1+ 46. Kg2 Qe4+ 47. Kg1 Qxf5 $17) 42... b3 43. axb3 cxb3 {Threatening ...b2.} 44. Qxa6 $2 (44. Rf4 $18) 44... b2 $11 45. Qb6 Bd8 46. Rxf7+ Kxf7 47. Qxd8 {[%mdl 4096] Endgame White wants to mate with Qe8+. KQ-KQ} Qc6+ 48. f3 {Qe8+ is the strong threat.} b1=Q $4 {[%mdl 8192]} (48... Qc2+ $11 49. Kh3 Qh7+ 50. Kg2 Qc2+ 51. Kh3 Qh7+ 52. Kg2 Qc2+) 49. Qe8+ $1 $18 Kg7 50. Qe5+ Kh7 {[#]} 51. Qh5+ $2 (51. d8=Q $1 $18 {[%cal Rd8e7] Qde7+ would kill now.} Qa2+ 52. Kh3 Qce6+ 53. Qxe6 Qxe6+ 54. Kh4) 51... Kg7 $1 $11 {( -> ...Qcc2+)} 52. Qg4+ Kh6 $2 {[%mdl 8192]} (52... Kh7 $11 53. Qh5+ Kg7 54. Qg5+ (54. d8=Q Qcc2+ 55. Kh3 Qf1+ 56. Kg4 Qfc4+ 57. Kh3 Qf1+ 58. Kg4 Qfc4+ 59. Kh3 Qf1+ $11) 54... Kh7 55. Qh4+ Kg6 56. Qg4+ Kh7 57. Qh5+) 53. Qf4+ $18 {White is clearly winning.} (53. d8=Q {leads to mate.} Qcc2+ 54. Qd2+ Qxd2+ 55. Kh3 Qf1+ 56. Kh4 Qxh2+ 57. Qh3 Qhxh3#) 53... Kh5 54. g4+ Kg6 55. d8=Q {[%cal Rd8g8]} Qcc2+ 56. Qdd2 {Weighted Error Value: White=0.63/Black=0.56} 1-0

[Event "Opera Euro Rapid Prelims 2021"]
[Site "Online"]
[Date "2021.02.03"]
[Round "13.2"]
[White "Grischuk, Alexander"]
[Black "Dominguez Perez, Leinier"]
[Result "0-1"]
[WhiteElo "2777"]
[BlackElo "2758"]
[Annotator "TA"]
[PlyCount "76"]
[EventDate "2021.02.02"]
[EventType "tourn"]
[EventCountry "NET"]
[SourceTitle "playchess.com"]
[Source "ChessBase"]
[SourceQuality "1"]

{[%evp 9,76,0,-14,-19,12,19,10,-24,-25,-27,-20,-113,-110,-119,-110,-136,-136,-127,-130,-137,-133,-212,-221,-219,-205,-214,-214,-225,-222,-222,-223,-228,-230,-225,-232,-231,-224,-225,-229,-234,-231,-229,-234,-241,-241,-363,-353,-352,-354,-332,-286,-272,-266,-264,-252,-320,-302,-352,-351,-348,-343,-397,-387,-397,-290,-275,-250,-576,-333]} 1. e4 e5 2. Bc4 Nf6 3. Nc3 Nc6 4. d3 Bc5 5. f4 O-O 6. Nf3 {C28: Vienna Game: 2...Nf6 3 Bc4 Nc6.} exf4 7. Bxf4 d6 8. Na4 {[#]The position is equal.} d5 $1 9. Nxc5 {And now exd5 would win.} dxc4 {[#]} 10. Qd2 $146 ({Reject} 10. dxc4 Qe7 $17) (10. O-O $11 {remains equal.}) ({Predecessor:} 10. O-O Qe7 11. Na4 cxd3 12. cxd3 Bg4 13. h3 Bxf3 14. Qxf3 Qb4 15. b3 Nd4 16. Qf2 {0-1 (34) Valcarcel,V (1856)-Carvalho,G (2198) Florianopolis 2020}) 10... Qe7 $17 {Black keeps a firm grip on the game.} 11. Na4 cxd3 12. cxd3 Nxe4 13. dxe4 Qxe4+ {[%mdl 64] [#] Double Attack} 14. Qe3 Re8 15. Nc3 (15. Kf2 $17 Qc2+ 16. Qd2 Qxa4 17. Rhe1) 15... Qxe3+ $19 16. Bxe3 Rxe3+ 17. Kf2 Rd3 18. Rhd1 Rxd1 19. Rxd1 Be6 20. Nb5 Rc8 21. a3 a6 22. Nc3 Rd8 23. Rc1 Bd5 24. Ne1 Kf8 25. b4 Bc4 26. Nf3 Rd3 27. Ne4 (27. Rc2 $142) 27... Bd5 28. Nc5 Rxa3 29. Nxb7 Bxf3 30. gxf3 {[%mdl 4096] Endgame KRN-KRN} Ne5 {Strongly threatening ...Nd3+.} 31. Rxc7 Rxf3+ 32. Ke2 Rb3 33. Nd6 Rxb4 34. Nf5 {[%cal Rc7c8]} Rb8 35. Ke3 g6 36. Ke4 {If White can now play Nd6 this consolidates a bit.} gxf5+ 37. Kxe5 Ra8 38. Kf6 $2 (38. Rc4) 38... Kg8 {Weighted Error Value: White=0.37/Black=0.06} 0-1

[Event "Opera Euro Rapid Prelims 2021"]
[Site "Online"]
[Date "2021.02.03"]
[Round "13.3"]
[White "Giri, Anish"]
[Black "Shankland, Sam"]
[Result "1/2-1/2"]
[WhiteElo "2764"]
[BlackElo "2691"]
[Annotator "TA"]
[PlyCount "90"]
[EventDate "2021.02.02"]
[EventType "tourn"]
[EventCountry "NET"]
[SourceTitle "playchess.com"]
[Source "ChessBase"]
[SourceQuality "1"]

{[%evp 21,90,5,1,0,-20,-36,-33,-43,-41,-56,-22,-47,-66,-31,0,0,0,0,0,0,0,0,8,8,9,12,10,10,10,10,10,9,11,11,87,0,0,0,0,0,0,0,0,0,0,0,0,0,37,0,0,0,0,0,0,0,0,0,0,0,0,0,0,0,0,0,0,0,0,0,0]} 1. Nf3 c5 2. c4 Nc6 3. Nc3 Nf6 4. e3 e6 5. d4 d5 6. cxd5 Nxd5 7. Bd3 Be7 8. O-O O-O 9. a3 cxd4 10. exd4 Bf6 11. Be4 Nce7 12. h4 {D42: Queen's Gambit Declined: Semi-Tarrasch: 5 cxd5 Nxd5 6 e3 Nc6 7 Bd3 .} Bd7 13. Ng5 g6 {[#]} 14. Nf3 $146 {Black is slightly better.} ({Predecessor:} 14. h5 Bc6 15. Qg4 Bxg5 16. Bxg5 f5 17. Qh4 fxe4 18. Nxd5 Qxd5 19. Bxe7 Rf7 20. hxg6 hxg6 {½-½ (30) Megaranto,S (2528)-Wang,Y (2699) Ashkhabad 2017}) 14... Bc6 {Threatens to win with ...Nxc3.} 15. Re1 Rc8 16. Bh6 Nxc3 17. bxc3 Bxe4 18. Bxf8 Nd5 {And now ...Bxf3 would win.} 19. Bb4 (19. Rxe4 Nxc3 20. Qe1 Nxe4 $17) 19... Bxf3 20. Qxf3 Bxh4 21. a4 a5 22. Bc5 b6 {[#]} 23. c4 $1 Nf6 {[#]} 24. Bxb6 Qxb6 25. Qf4 Rxc4 26. Qxh4 Nd5 (26... Qxd4 27. Qxd4 Rxd4 28. Reb1 $16) 27. Reb1 Qc7 {[#]} ({Much worse is} 27... Rxd4 $6 28. Rxb6 Rxh4 29. Rb8+ Kg7 30. g3 $16) ({Not} 27... Qxd4 $2 28. Qxd4 Rxd4 29. Rb5 $18) (27... Qd6 $1 $11 {keeps the balance.}) 28. Qe4 ({White should play} 28. Qg3 $1 $16) 28... Nc3 $1 $11 {[%cal Rc3e4]} 29. Qa8+ Kg7 30. Rb8 Ne2+ {[%mdl 64] Double Attack} ({Don't blunder} 30... Rxa4 $2 31. Rxa4 Nxa4 32. Rg8+ Kf6 33. Qf3+ Ke7 34. Qa3+ Kf6 35. Qxa4 $18) 31. Kf1 {aiming for Rg8+.} Nf4 32. Rg8+ Kh6 $1 33. Qe4 {Hoping for g3.} Rc1+ 34. Rxc1 Qxc1+ {[%mdl 4096] Endgame KQR-KQN} 35. Qe1 Qc6 {[%csl Gf4][%cal Rc6g2] The position is equal.} 36. f3 Qc4+ 37. Kg1 {Strongly threatening Qd2!} Qxd4+ 38. Kh2 {Qh4+ would kill now.} Qf6 39. Kh1 Qg5 {[%csl Gf4][%cal Rg5g2]} 40. Qg1 {Black should prevent Qh2+.} Nh5 {( -> ...Ng3+)} 41. g4 Qh4+ 42. Qh2 Qe1+ 43. Qg1 {[%cal Rg4g5]} Qh4+ 44. Qh2 Qe1+ 45. Qg1 {[%cal Rg4g5]} Qh4+ {Weighted Error Value: White=0.06/Black=0.05} 1/2-1/2

[Event "Opera Euro Rapid Prelims 2021"]
[Site "Online"]
[Date "2021.02.03"]
[Round "13.4"]
[White "Nepomniachtchi, Ian"]
[Black "Bluebaum, Matthias"]
[Result "0-1"]
[WhiteElo "2789"]
[BlackElo "2670"]
[Annotator "TA"]
[PlyCount "118"]
[EventDate "2021.02.02"]
[EventType "tourn"]
[EventCountry "NET"]
[SourceTitle "playchess.com"]
[Source "ChessBase"]
[SourceQuality "1"]

{[%evp 14,118,22,7,31,0,0,-14,-16,-72,-72,-74,-71,-72,-69,-71,-77,-78,-67,-108,-107,-108,-101,-116,-101,-111,-79,-85,-66,-81,-71,-69,-75,-69,-69,-91,-74,-101,-106,-125,-124,-152,-109,-135,-116,-355,-312,-475,-464,-1091,-974,-904,-798,-2198,-1973,-1763,-2148,-2249,-2190,-2035,-2028,-1775,-460,-1727,-1720,-1720,-1416,-1179,-1059,-29975,-29976,-29976,-29977,-29977,-29978,-29978,-29977,-29978,-29979,-29980,-29974,-29989,-29968,-29970,-29971,-29970,-29971,-29970,-29972,-29970,-29970,-29954,-12492,-5273,-2526,-2250,-2139,-29984,-29985,-29987,-29984,-29987,-29988,-29988,-29989,-29989,-29990]} 1. e4 e6 2. d4 d5 3. Nc3 Nf6 4. e5 Nfd7 5. f4 c5 6. Nf3 Nc6 7. Be3 a6 8. a3 Qb6 {C11: French: Classical System: 4 e5 and 4 Bg5 dxe4.} 9. Na4 Qa5+ 10. c3 c4 $1 {The position is equal.} 11. Be2 {[#]} (11. b4 $11 cxb3 12. Qxb3) 11... b5 $5 $146 {[%mdl 8] An interesting novelty.} ({Predecessor:} 11... Be7 12. O-O O-O 13. b4 cxb3 14. Qxb3 Qc7 15. Bd3 f5 16. exf6 Nxf6 17. Nb6 Rb8 {1-0 (45) Nepomniachtchi,I (2751)-Morozevich,A (2665) Moscow 2018}) 12. Nc5 Nxd4 {[%mdl 64] Pin} 13. Nxd7 Nxf3+ 14. Bxf3 Bxd7 15. f5 {[#]} Qc7 $1 16. Bd4 Bc5 17. fxe6 fxe6 18. Bh5+ g6 {Hoping for ...Bxd4.} 19. Bg4 Bxd4 20. Qxd4 O-O 21. Kd2 Rf7 22. Raf1 Raf8 $36 {[%mdl 2048] Black has strong initiative.} 23. Rxf7 Rxf7 24. h4 Qd8 25. Kc2 a5 26. Kb1 Qb8 27. g3 b4 28. cxb4 axb4 29. a4 $2 (29. axb4 $17 Qxb4 30. h5) 29... h5 $19 30. Bh3 (30. Bd1 {was forced.} b3 31. g4 hxg4 32. Rg1) 30... Qa8 31. g4 (31. Rf1 $142 Rxf1+ 32. Bxf1 Qxa4 33. Be2) 31... Qxa4 32. gxh5 b3 33. Rg1 Rf3 34. Rxg6+ Kh7 35. Rg7+ Kxg7 36. Qg4+ Kh8 37. Qxf3 Qa2+ 38. Kc1 {Strongly threatening Qf6+.} Qa1+ 39. Kd2 Qxb2+ {[%mdl 64] Double Attack} 40. Ke1 Qxe5+ 41. Kf2 b2 42. Qf8+ Kh7 43. Qe7+ Qg7 44. Qb4 Qd4+ 45. Kg2 Qe4+ 46. Kh2 Qe5+ 47. Kg2 Qe2+ 48. Kg3 Qd3+ 49. Kh2 Qc2+ 50. Bg2 b1=Q 51. Qe7+ Kg8 52. Qd8+ {[#]} Kf7 $1 53. Qxd7+ Kf6 {( -> ...Qb8+)} 54. Qd8+ Ke5 55. h6 Qh7 {Black mates.} 56. Qf8 Qbb7 57. Kg3 Qbf7 58. Qb8+ Qc7 59. Qf8 Kd4+ {White did not feel at home in the position after the opening. Accuracy: White = 54%, Black = 92%.} 0-1

[Event "Opera Euro Rapid Prelims 2021"]
[Site "Online"]
[Date "2021.02.03"]
[Round "13.5"]
[White "Nakamura, Hikaru"]
[Black "Aronian, Levon"]
[Result "1/2-1/2"]
[WhiteElo "2736"]
[BlackElo "2781"]
[Annotator "TA"]
[PlyCount "80"]
[EventDate "2021.02.02"]
[EventType "tourn"]
[EventCountry "NET"]
[SourceTitle "playchess.com"]
[Source "ChessBase"]
[SourceQuality "1"]

{[%evp 12,80,-22,-27,-28,-31,0,-22,-16,-35,-26,-22,-27,-14,-8,0,0,0,0,0,0,0,0,0,0,0,0,0,0,0,0,0,0,0,0,0,18,20,60,52,57,0,-10,-92,-83,-67,-84,-85,-81,-70,-51,-95,-80,-91,-87,-106,-80,-83,-87,-78,-72,-76,-76,-68,0,0,0,-85,0,0,0]} 1. e4 e5 2. Bc4 Nf6 3. d3 Nc6 4. Nc3 Na5 5. Nf3 Nxc4 6. dxc4 Bb4 7. Qd3 d6 {C28: Vienna Game: 2...Nf6 3 Bc4 Nc6.} 8. Bd2 Bg4 {[#]} 9. Ng1 $146 ({Predecessor:} 9. O-O-O Qe7 10. h3 Bh5 11. g4 Bg6 12. Rhe1 Bxc3 13. Bxc3 O-O-O 14. Qe3 Kb8 15. Nd2 {½-½ (65) Reitinger,P (2114)-Plesek,J (2150) Czechia 2010}) 9... O-O 10. f3 Be6 11. a3 Bxc3 12. Qxc3 Nd7 13. Ne2 Qh4+ 14. Ng3 f5 15. exf5 Rxf5 16. O-O-O Rf7 17. b3 a5 18. a4 b6 19. Be3 Raf8 20. Ne4 h6 21. Qd2 Nf6 22. Nc3 Rd7 23. Qe2 Rfd8 24. Kb2 d5 25. Bf2 Qh5 26. g4 (26. cxd5 $14 Nxd5 27. Bg3) 26... Nxg4 27. fxg4 (27. Rxd5 $11 {keeps the balance.} Nxf2 28. Rxd7 Rxd7 29. Qxf2) 27... Bxg4 $17 28. Qe1 {[%cal Rd1d5]} Bxd1 29. Qxd1 Qxd1 30. Rxd1 {[%cal Rc3d5]} dxc4 31. Re1 cxb3 32. Kxb3 Re8 33. Bg3 e4 34. Rxe4 Rxe4 35. Nxe4 Rd4 36. Nf2 Rb4+ 37. Ka3 Rc4 38. Kb3 Rb4+ 39. Ka3 $1 {[#]} Rc4 (39... c6 $1 $17 40. Nd1 Re4) 40. Kb3 $11 Rb4+ {Weighted Error Value: White=0.09/Black=0.10} 1/2-1/2